[Event "Oberliga Baden 2122"]
[Site "Germany"]
[Date "2022.06.18"]
[Round "6.1"]
[White "Milov, Vadim"]
[Black "Stojanovic, Mihajlo"]
[Result "1-0"]
[WhiteElo "2602"]
[BlackElo "2502"]
[PlyCount "143"]
[EventDate "2021.10.10"]
[EventType "team-tourn"]
[EventRounds "11"]
[EventCountry "GER"]
[SourceTitle "EXT 2023"]
[Source "ChessBase"]
[SourceDate "2022.10.05"]
[SourceVersion "1"]
[SourceVersionDate "2022.10.05"]
[SourceQuality "1"]
[WhiteTeam "Baden-Baden III"]
[BlackTeam "Buchen"]
[WhiteTeamCountry "GER"]
[BlackTeamCountry "GER"]

1. d4 d5 2. c4 e6 3. Nf3 Nf6 4. e3 c5 5. Nc3 dxc4 6. Bxc4 a6 7. dxc5 Qxd1+ 8. Kxd1 Bxc5 9. Bd3 Nbd7 10. b3 b6 11. Bb2 Bb7 12. Ke2 0-0 13. Rac1 Rac8 14. Rhg1 Rfd8 15. Bb1 Be7 16. Nd4 b5 17. g4 Nc5 18. g5 Nfe4 19. Nxe4 Nxe4 20. f3 Nc5 21. h4 g6 22. f4 Ne4 23. Nf3 Kf8 24. Bxe4 Bxe4 25. Ne5 Bb7 26. Ng4 Rxc1 27. Rxc1 Rc8 28. Rxc8+ Bxc8 29. Bf6 Ba3 30. Be5 Be7 31. Kd3 Ke8 32. Bc7 Bb7 33. e4 Ba8 34. Kd4 Bb7 35. Bb6 Ba8 36. Bc5 Bd8 37. b4 Kd7 38. a3 Bb7 39. Ne5+ Ke8 40. Ng4 Kd7 41. Ke3 Ke8 42. Bd4 Be7 43. Nf2 Kd7 44. Nd3 Bd6 45. Nc1 Ba8 46. Ne2 Bb7 47. Be5 Bf8 48. Nc1 h6 49. Nd3 hxg5 50. fxg5 Be7 51. Kd4 Ba8 52. Bf4 Bb7 53. Ne5+ Ke8 54. Ng4 Kd7 55. Bb8 Ba8 56. Bf4 Bb7 57. Nh6 f6 58. e5 f5 59. h5 gxh5 60. g6 Bf8 61. Ng8 h4 62. Nf6+ Ke7 63. Nh5 Bf3 64. Bg5+ Ke8 65. Nf6+ Ke7 66. Bxh4 Bg7 67. Ne4+ Kf8 68. Nc5 Bd5 69. Nd7+ Kg8 70. Nf6+ Kf8 71. Nxd5 exd5 72. Bg5 1-0

[Event "Oberliga Baden 2122"]
[Site "Germany"]
[Date "2022.03.20"]
[Round "9.1"]
[White "Milov, Vadim"]
[Black "Libiszewski, Fabien"]
[Result "1-0"]
[WhiteElo "2602"]
[BlackElo "2505"]
[PlyCount "77"]
[EventDate "2021.10.10"]
[EventType "team-tourn"]
[EventRounds "11"]
[EventCountry "GER"]
[SourceTitle "EXT 2023"]
[Source "ChessBase"]
[SourceDate "2022.10.05"]
[SourceVersion "1"]
[SourceVersionDate "2022.10.05"]
[SourceQuality "1"]
[WhiteTeam "Baden-Baden III"]
[BlackTeam "Viernheim II"]
[WhiteTeamCountry "GER"]
[BlackTeamCountry "GER"]

1. d4 Nf6 2. c4 g6 3. h4 Bg7 4. Nc3 c5 5. d5 0-0 6. h5 Nxh5 7. g4 Nf6 8. g5 Ng4 9. e4 d6 10. Be2 Ne5 11. f4 Ned7 12. Qd3 Re8 13. Nh3 Na6 14. a3 Nc7 15. Nf2 e6 16. dxe6 Nxe6 17. Ng4 Nd4 18. Qh3 Nf8 19. Nh6+ Kh8 20. Nxf7+ Kg8 21. Nh6+ Bxh6 22. Qxh6 Nc2+ 23. Kf2 Nxa1 24. b4 Nb3 25. Bb2 Nd4 26. Nd5 Re6 27. f5 Re7 28. Nf6+ Kh8 29. Rd1 Bd7 30. bxc5 dxc5 31. Rxd4 cxd4 32. Bxd4 Bxf5 33. Nd5+ Kg8 34. Bf6 Bxe4 35. Nxe7+ Kf7 36. Qg7+ Ke6 37. Nd5 Qd7 38. Nc7+ Kf5 39. Qh6 1-0

[Event "Oberliga Baden 2122"]
[Site "Germany"]
[Date "2021.10.24"]
[Round "2.1"]
[White "Korpa, Bence"]
[Black "Milov, Vadim"]
[Result "1/2-1/2"]
[WhiteElo "2517"]
[BlackElo "2602"]
[PlyCount "88"]
[EventDate "2021.10.10"]
[EventType "team-tourn"]
[EventRounds "11"]
[EventCountry "GER"]
[SourceTitle "EXT 2023"]
[Source "ChessBase"]
[SourceDate "2022.10.05"]
[SourceVersion "1"]
[SourceVersionDate "2022.10.05"]
[SourceQuality "1"]
[WhiteTeam "Emmendingen"]
[BlackTeam "Baden-Baden III"]
[WhiteTeamCountry "GER"]
[BlackTeamCountry "GER"]

1. d4 Nf6 2. Nf3 g6 3. c4 Bg7 4. g3 0-0 5. Bg2 d6 6. 0-0 Nc6 7. Nc3 Rb8 8. Bf4 a6 9. Rc1 Bg4 10. h3 Bxf3 11. Bxf3 Nd7 12. Be3 e5 13. d5 Nd4 14. Bg2 b5 15. cxb5 axb5 16. b4 Nf5 17. Bd2 Rb7 18. Be4 Nf6 19. Bxf5 gxf5 20. Bg5 Qd7 21. Qd2 Ne4 22. Nxe4 fxe4 23. Bh6 f5 24. f3 Rf6 25. Bxg7 Qxg7 26. Kh2 Rg6 27. fxe4 f4 28. e3 Rxg3 29. exf4 Ra7 30. a4 bxa4 31. f5 h5 32. f6 Qg6 33. f7+ Kf8 34. Qf2 h4 35. Rg1 Rb7 36. Rxg3 Qxg3+ 37. Qxg3 hxg3+ 38. Kxg3 a3 39. Kg4 a2 40. Ra1 Ra7 41. Kf5 Kxf7 42. h4 Ra3 43. b5 Rf3+ 44. Kg5 Rg3+ 1/2-1/2

[Event "Oberliga Baden 1920"]
[Site "Baden"]
[Date "2020.01.19"]
[Round "5.1"]
[White "Miezis, Normunds"]
[Black "Milov, Vadim"]
[Result "1/2-1/2"]
[WhiteElo "2486"]
[BlackElo "2598"]
[PlyCount "107"]
[EventDate "2019.09.29"]
[EventType "team-tourn"]
[EventRounds "9"]
[EventCountry "GER"]
[SourceTitle "CBM 195 Extra"]
[Source "ChessBase"]
[SourceDate "2020.05.31"]
[SourceVersion "1"]
[SourceVersionDate "2020.05.31"]
[SourceQuality "1"]
[WhiteTeam "Emmendingen II"]
[BlackTeam "Baden-Baden III"]
[WhiteTeamCountry "GER"]
[BlackTeamCountry "GER"]

1. c4 e6 2. e4 c5 3. Nc3 Nc6 4. Nf3 Nd4 5. d3 Ne7 6. g3 Nec6 7. Bg2 Be7 8. 0-0 0-0 9. Rb1 a6 10. a3 b5 11. cxb5 axb5 12. Nxd4 cxd4 13. Nd5 Bd6 14. Nf4 b4 15. axb4 Ba6 16. Ra1 Bxf4 17. Bxf4 e5 18. Bc1 Nxb4 19. Ra3 Qe7 20. f4 Rfc8 21. fxe5 Bxd3 22. Rxd3 Rxc1 23. Qxc1 Nxd3 24. Qd2 Nxe5 25. Qxd4 Rb8 26. h3 Rb4 27. Qc3 Rc4 28. Qa3 Rb4 29. Rc1 h5 30. Rc8+ Kh7 31. Kh2 Qd6 32. Re8 f6 33. Qc3 Rc4 34. Qb3 Qd4 35. Rxe5 fxe5 36. Qf3 Rc8 37. Qxh5+ Kg8 38. b3 Rf8 39. h4 Qd6 40. Qe2 g6 41. Qg4 Kg7 42. Bf3 Rf6 43. Kh3 Qe6 44. Be2 Qxg4+ 45. Kxg4 Rf2 46. Bc4 Kf6 47. h5 gxh5+ 48. Kxh5 Rc2 49. Kg4 Rc3 50. Kh4 Ke7 51. Kg4 Kd6 52. Kh4 Re3 53. Bd5 Ke7 54. Kg4 1/2-1/2

[Event "Oberliga Baden 1920"]
[Site "Baden"]
[Date "2019.12.08"]
[Round "4.1"]
[White "Milov, Vadim"]
[Black "Lanka, Zigurds"]
[Result "1/2-1/2"]
[WhiteElo "2598"]
[BlackElo "2504"]
[PlyCount "106"]
[EventDate "2019.09.29"]
[EventType "team-tourn"]
[EventRounds "9"]
[EventCountry "GER"]
[SourceTitle "CBM 195 Extra"]
[Source "ChessBase"]
[SourceDate "2020.05.31"]
[SourceVersion "1"]
[SourceVersionDate "2020.05.31"]
[SourceQuality "1"]
[WhiteTeam "Baden-Baden III"]
[BlackTeam "Viernheim II"]
[WhiteTeamCountry "GER"]
[BlackTeamCountry "GER"]

1. d4 Nf6 2. c4 g6 3. Nc3 Bg7 4. e4 d6 5. Bg5 0-0 6. Qd2 c5 7. d5 b5 8. cxb5 a6 9. a4 Qa5 10. Ra3 Qb4 11. Bd3 axb5 12. axb5 Rxa3 13. bxa3 Qxa3 14. Nge2 Nbd7 15. 0-0 Ne5 16. Bc2 Nc4 17. Qd3 Ne5 18. Qd1 Bb7 19. Qa1 Ra8 20. Qxa3 Rxa3 21. Rb1 h6 22. Bc1 Ra8 23. b6 Nfd7 24. Ba4 Nb8 25. Bb5 Ned7 26. Na4 h5 27. f3 Kf8 28. Bb2 Bxb2 29. Rxb2 Ne5 30. Nec3 g5 31. Rb1 h4 32. Kf2 Na6 33. g3 Nb4 34. gxh4 gxh4 35. f4 Ng4+ 36. Kg2 f5 37. Bd7 Nh6 38. Kh3 fxe4 39. Nxe4 Nxd5 40. Naxc5 dxc5 41. Nxc5 Rb8 42. Kxh4 Nf6 43. Bh3 Kg7 44. Nxb7 Rxb7 45. Bc8 Rb8 46. b7 Nd5 47. Rb5 e6 48. Bxe6 Nxf4 49. Bc8 Ng6+ 50. Kh5 Nf7 51. Ra5 Ne7 52. Ra8 Nc6 53. Rxb8 Nxb8 1/2-1/2

[Event "Oberliga Baden 1920"]
[Site "Baden"]
[Date "2019.11.17"]
[Round "3.1"]
[White "Rogic, Davor"]
[Black "Milov, Vadim"]
[Result "0-1"]
[WhiteElo "2492"]
[BlackElo "2598"]
[PlyCount "74"]
[EventDate "2019.09.29"]
[EventType "team-tourn"]
[EventRounds "9"]
[EventCountry "GER"]
[SourceTitle "CBM 195 Extra"]
[Source "ChessBase"]
[SourceDate "2020.05.31"]
[SourceVersion "1"]
[SourceVersionDate "2020.05.31"]
[SourceQuality "1"]
[WhiteTeam "Untergrombach"]
[BlackTeam "Baden-Baden III"]
[WhiteTeamCountry "GER"]
[BlackTeamCountry "GER"]

1. e4 c5 2. Nf3 e6 3. d4 cxd4 4. Nxd4 a6 5. c4 Nf6 6. Nc3 d6 7. Be2 Bd7 8. 0-0 Nc6 9. Be3 Rc8 10. Rc1 h5 11. f3 Be7 12. Qd2 Ne5 13. b3 0-0 14. Rfd1 Qc7 15. Qe1 Rfe8 16. Kh1 Qb8 17. h3 Ng6 18. Qf2 Bd8 19. f4 b5 20. Bd3 e5 21. Nde2 exf4 22. Nxf4 Ne5 23. c5 dxc5 24. Bb1 c4 25. Ncd5 Rc6 26. Nb4 Rd6 27. Bd4 Nd3 28. Bxd3 cxd3 29. Rxd3 Nxe4 30. Qf3 h4 31. Nbd5 Ng3+ 32. Kg1 Rxd5 33. Nxd5 Ne2+ 34. Kf1 Nxc1 35. Re3 Bg5 36. Qh5 Bxe3 37. Bxe3 Qe5 0-1

[Event "Oberliga Baden 1718"]
[Site "Baden"]
[Date "2017.11.12"]
[Round "3.2"]
[White "Milov, Vadim"]
[Black "Ikonnikov, Vyacheslav"]
[Result "0-1"]
[WhiteElo "2592"]
[BlackElo "2524"]
[PlyCount "122"]
[EventDate "2017.10.08"]
[EventType "team-tourn"]
[EventRounds "9"]
[EventCountry "GER"]
[SourceTitle "EXT 2019"]
[Source "ChessBase"]
[SourceDate "2018.10.10"]
[SourceVersion "1"]
[SourceVersionDate "2018.10.10"]
[SourceQuality "1"]
[WhiteTeam "Dreilaendereck"]
[BlackTeam "Bad Mergentheim"]
[WhiteTeamCountry "GER"]
[BlackTeamCountry "GER"]

1. d4 Nf6 2. c4 e6 3. Nc3 Bb4 4. e3 0-0 5. Nge2 d5 6. a3 Bd6 7. Ng3 c5 8. dxc5 Bxc5 9. b4 Bd6 10. Bb2 Nc6 11. Qc2 Qe7 12. Rd1 Rd8 13. c5 Bc7 14. Be2 a6 15. 0-0 e5 16. Kh1 e4 17. f4 exf3 18. Bxf3 Bxg3 19. hxg3 Be6 20. Ne2 Ng4 21. Bxg4 Bxg4 22. Rf4 Qg5 23. Kg1 Re8 24. Rdf1 Rxe3 25. Nd4 Re7 26. Qf2 f6 27. Nf3 Qh5 28. Re1 Rxe1+ 29. Qxe1 Re8 30. Qd2 Bxf3 31. gxf3 d4 32. Bxd4 Qd5 33. Bc3 Qxd2 34. Bxd2 Re2 35. Bc3 Ra2 36. Re4 Kf7 37. Be1 Rxa3 38. f4 f5 39. Rc4 Ra2 40. Rc3 Rb2 41. Rd3 Ke6 42. Rd6+ Ke7 43. Bc3 Rb3 44. Be1 g6 45. Kf1 Re3 46. Kf2 Re4 47. Bc3 Rc4 48. Bf6+ Ke8 49. Bg5 Rxb4 50. Re6+ Kd7 51. Rf6 a5 52. Rf7+ Ke6 53. Rxh7 a4 54. Rg7 a3 55. Rxg6+ Kd5 56. Rg8 Rb2+ 57. Ke3 Rb3+ 58. Kf2 Kxc5 59. Rf8 Rb2+ 60. Ke3 a2 61. Ra8 Nb4 0-1

[Event "Oberliga Baden 1617"]
[Site "Baden"]
[Date "2017.01.15"]
[Round "4.1"]
[White "Rosner, Jonas"]
[Black "Milov, Vadim"]
[Result "1-0"]
[WhiteElo "2366"]
[BlackElo "2615"]
[PlyCount "73"]
[EventDate "2016.10.16"]
[EventType "team-tourn"]
[EventRounds "9"]
[EventCountry "GER"]
[SourceTitle "EXT 2018"]
[Source "ChessBase"]
[SourceDate "2017.10.13"]
[SourceVersion "1"]
[SourceVersionDate "2017.10.13"]
[SourceQuality "1"]
[WhiteTeam "Ettlingen"]
[BlackTeam "Dreilaendereck"]
[WhiteTeamCountry "GER"]
[BlackTeamCountry "GER"]

1. e4 c5 2. Nf3 Nc6 3. Bb5 e6 4. 0-0 Nge7 5. Re1 Ng6 6. c3 a6 7. Bf1 Be7 8. d4 cxd4 9. cxd4 d5 10. e5 0-0 11. g3 f6 12. exf6 Bxf6 13. Nc3 Nge7 14. Bh3 Qe8 15. Na4 Qh5 16. Bg2 b5 17. Nc5 Qf7 18. Be3 Nf5 19. Rc1 Kh8 20. Qd2 h6 21. b3 Bd7 22. Bh3 Rae8 23. Bxf5 exf5 24. Bf4 Re4 25. Nxe4 fxe4 26. Ne5 Bxe5 27. Bxe5 Qh5 28. Rc5 Kg8 29. Rxd5 Bh3 30. Re3 Nd8 31. Rc5 Qg6 32. Rc7 Ne6 33. Ra7 Qf5 34. Qb2 Rd8 35. Qc2 Rf8 36. f3 h5 37. Kf2 1-0

[Event "EU-ch rapid"]
[Site "Minsk"]
[Date "2015.12.20"]
[Round "8"]
[White "Milov, Vadim"]
[Black "Shtembuliak, Evgeny"]
[Result "1-0"]
[WhiteElo "2615"]
[BlackElo "2420"]
[PlyCount "101"]
[EventDate "2015.12.19"]
[EventType "swiss (rapid)"]
[EventRounds "11"]
[EventCountry "BLR"]
[SourceTitle "EXT 2017"]
[Source "ChessBase"]
[SourceDate "2016.10.25"]
[SourceVersion "1"]
[SourceVersionDate "2016.10.25"]
[SourceQuality "1"]

1. d4 Nf6 2. c4 d6 3. Nc3 Bf5 4. g3 e5 5. Bg2 Nc6 6. Nf3 Be7 7. 0-0 0-0 8. d5 Nb8 9. Nd2 a5 10. e4 Bd7 11. f4 Na6 12. Nf3 Bg4 13. h3 Bxf3 14. Qxf3 c6 15. Kh2 Nc5 16. Be3 Nfd7 17. Rad1 Qb8 18. h4 a4 19. Bh3 Nb6 20. Qe2 exf4 21. gxf4 Nbd7 22. Rg1 Bf6 23. Bxd7 Nxd7 24. Qg4 Rd8 25. e5 dxe5 26. Ne4 g6 27. dxc6 exf4 28. Bxf4 Be5 29. cxd7 Bxf4+ 30. Kh1 Qe5 31. Qf3 f5 32. Nc3 Bh6 33. h5 Kf7 34. Rge1 Qf6 35. Qd5+ Kg7 36. Qe5 Bg5 37. Rd6 Qxe5 38. Rxe5 Bf4 39. Re7+ Kf8 40. Rde6 gxh5 41. Nd5 Bg5 42. Rxh7 Ra6 43. Rxa6 bxa6 44. c5 Kg8 45. Rxh5 Rxd7 46. Rxg5+ Kf7 47. Nb6 Rd1+ 48. Rg1 Rd2 49. Rg2 Rd1+ 50. Kh2 Rc1 51. Nxa4 1-0

[Event "EU-ch rapid"]
[Site "Minsk"]
[Date "2015.12.20"]
[Round "11"]
[White "Savitskiy, Sergey"]
[Black "Milov, Vadim"]
[Result "0-1"]
[WhiteElo "2365"]
[BlackElo "2615"]
[PlyCount "124"]
[EventDate "2015.12.19"]
[EventType "swiss (rapid)"]
[EventRounds "11"]
[EventCountry "BLR"]
[SourceTitle "EXT 2017"]
[Source "ChessBase"]
[SourceDate "2016.10.25"]
[SourceVersion "1"]
[SourceVersionDate "2016.10.25"]
[SourceQuality "1"]

1. Nf3 Nf6 2. g3 g6 3. Bg2 Bg7 4. 0-0 0-0 5. d3 d6 6. e4 c5 7. Nc3 Nc6 8. h3 Rb8 9. a4 a6 10. Be3 b5 11. axb5 axb5 12. Qc1 b4 13. Ne2 Nd7 14. Bh6 Nde5 15. Nxe5 dxe5 16. Be3 Nd4 17. Qd1 Be6 18. b3 Qd7 19. Kh2 Ra8 20. Nxd4 exd4 21. Bd2 Ra3 22. Rxa3 bxa3 23. Qa1 Ra8 24. Qa2 Ra6 25. Ra1 f5 26. exf5 gxf5 27. Bc1 Bd5 28. Bxa3 f4 29. Qb1 Bxg2 30. Kxg2 Rh6 31. Qh1 Qf5 32. g4 Qd5+ 33. f3 Re6 34. Re1 Re3 35. Qf1 Qe5 36. Rxe3 dxe3 37. Qe2 Qc3 38. h4 Bd4 39. Bc1 Qa1 40. Qf1 Qb1 41. Bxe3 Qxf1+ 42. Kxf1 Bxe3 43. Ke2 Kf7 44. d4 Bxd4 45. Kd3 Bf2 46. h5 Kf6 47. Ke4 Be3 48. c3 e5 49. b4 cxb4 50. cxb4 Ba7 51. Kd5 Bb8 52. b5 Ba7 53. Ke4 h6 54. Kd5 Bf2 55. Ke4 Bg1 56. Kd5 Ba7 57. Ke4 Ke6 58. g5 hxg5 59. h6 Kf6 60. h7 Kg7 61. Kf5 Bb8 62. Kxg5 e4 0-1

[Event "EU-ch blitz"]
[Site "Minsk"]
[Date "2015.12.18"]
[Round "21.14"]
[White "Gunina, Valentina"]
[Black "Milov, Vadim"]
[Result "1-0"]
[WhiteElo "2502"]
[BlackElo "2615"]
[PlyCount "87"]
[EventDate "2015.12.18"]
[EventType "swiss (blitz)"]
[EventRounds "22"]
[EventCountry "BLR"]
[SourceTitle "EXT 2017"]
[Source "ChessBase"]
[SourceDate "2016.10.25"]
[SourceVersion "1"]
[SourceVersionDate "2016.10.25"]
[SourceQuality "1"]

1. d4 Nf6 2. c4 g6 3. Nc3 Bg7 4. e4 d6 5. f3 0-0 6. Nge2 e5 7. d5 c6 8. Be3 cxd5 9. cxd5 Nbd7 10. Qd2 a6 11. g4 h5 12. Bg5 Qe8 13. h3 Nh7 14. Bh4 Bf6 15. Bxf6 Ndxf6 16. Rg1 Kh8 17. 0-0-0 Qe7 18. Kb1 Bd7 19. Nc1 h4 20. Qf2 g5 21. Qb6 Bc8 22. Nb3 Nd7 23. Qc7 Nhf6 24. Na4 Ne8 25. Qa5 Rb8 26. Rc1 b6 27. Qb4 Nc5 28. Naxc5 dxc5 29. Nxc5 a5 30. Qb3 Nd6 31. Nd3 f6 32. Rc6 b5 33. Qa3 Rd8 34. Qxa5 Bd7 35. Rc7 Rdc8 36. Nc5 Qd8 37. Rxc8 Qxc8 38. Qb4 Be8 39. Be2 Qc7 40. Rc1 Qb6 41. a3 Kg8 42. Ne6 Bd7 43. Rc6 Bxc6 44. Qxd6 1-0

[Event "EU-ch blitz"]
[Site "Minsk"]
[Date "2015.12.18"]
[Round "10.38"]
[White "Milov, Vadim"]
[Black "Gritsenko, Nikolai"]
[Result "1-0"]
[WhiteElo "2615"]
[BlackElo "2309"]
[PlyCount "123"]
[EventDate "2015.12.18"]
[EventType "swiss (blitz)"]
[EventRounds "22"]
[EventCountry "BLR"]
[SourceTitle "EXT 2017"]
[Source "ChessBase"]
[SourceDate "2016.10.25"]
[SourceVersion "1"]
[SourceVersionDate "2016.10.25"]
[SourceQuality "1"]

1. d4 d5 2. c4 Nc6 3. Nc3 dxc4 4. Nf3 Nf6 5. Bg5 h6 6. Bh4 a6 7. d5 Na7 8. a4 g5 9. Bg3 Bg7 10. e4 0-0 11. Bxc4 c6 12. h4 g4 13. Ne5 b5 14. axb5 axb5 15. Bb3 b4 16. Rxa7 Rxa7 17. Nxc6 Qb6 18. Na4 Rxa4 19. Bxa4 Nxe4 20. Qd3 f5 21. 0-0 Nxg3 22. Qxg3 f4 23. Qd3 Qc5 24. Qe4 Rf7 25. Bb3 Qd6 26. Ra1 Bf5 27. Nxe7+ Rxe7 28. Qxf5 Rf7 29. Ra8+ Rf8 30. Rxf8+ Qxf8 31. d6+ Kh8 32. Qe6 g3 33. d7 Bf6 34. Qe8 Kg7 35. Bc2 Qd6 36. Qg6+ Kf8 37. Qxh6+ Ke7 38. Qh7+ Kf8 39. Qd3 Qe7 40. Kf1 Bxh4 41. Qf5+ Bf6 42. Qxf4 gxf2 43. Qxf2 Kg7 44. Qg3+ Bg5 45. b3 Qf6+ 46. Qf3 Qa1+ 47. Ke2 Qe5+ 48. Qe4 Qg3 49. Bd3 Qh4 50. Qxh4 Bxh4 51. Bf5 Be7 52. Kf3 Kf6 53. Kg4 Bd8 54. Bd3 Be7 55. Bc4 Bd8 56. Kf4 Be7 57. g4 Bd8 58. Be2 Be7 59. Ke4 Bd8 60. Kd5 Ke7 61. Kc6 Ke6 62. Bd3 1-0

[Event "EU-ch blitz"]
[Site "Minsk"]
[Date "2015.12.18"]
[Round "22.14"]
[White "Milov, Vadim"]
[Black "Gunina, Valentina"]
[Result "1/2-1/2"]
[WhiteElo "2615"]
[BlackElo "2502"]
[PlyCount "95"]
[EventDate "2015.12.18"]
[EventType "swiss (blitz)"]
[EventRounds "22"]
[EventCountry "BLR"]
[SourceTitle "EXT 2017"]
[Source "ChessBase"]
[SourceDate "2016.10.25"]
[SourceVersion "1"]
[SourceVersionDate "2016.10.25"]
[SourceQuality "1"]

1. d4 d5 2. c4 c6 3. Nf3 Nf6 4. e3 Bf5 5. Nc3 e6 6. Nh4 Bg6 7. Nxg6 hxg6 8. Qb3 Qc7 9. g3 Nbd7 10. Bd2 Nb6 11. c5 Nbd7 12. Qc2 e5 13. b4 Be7 14. Bg2 Nf8 15. 0-0 Ne6 16. dxe5 Qxe5 17. h3 Qh5 18. Qd1 Qh7 19. e4 d4 20. Ne2 g5 21. Qb1 g4 22. h4 Nd7 23. Rd1 Ne5 24. Nf4 g5 25. Nxe6 fxe6 26. Qb3 gxh4 27. Qxe6 Nf3+ 28. Bxf3 gxf3 29. g4 Rg8 30. Kh2 Qf7 31. Qxf7+ Kxf7 32. Kh3 Rg6 33. Bf4 Rag8 34. Rd3 Rxg4 35. Rxf3 Ke6 36. Rd1 Rg1 37. Rxd4 Rf8 38. Rdd3 Re1 39. e5 Re4 40. Bd2 Rxf3+ 41. Rxf3 Kxe5 42. Rd3 Ke6 43. f4 Re2 44. Kg4 Rg2+ 45. Kh3 Re2 46. Kg4 Rg2+ 47. Kh3 Re2 48. Kg4 1/2-1/2

[Event "EU-ch blitz"]
[Site "Minsk"]
[Date "2015.12.18"]
[Round "19.23"]
[White "Milov, Vadim"]
[Black "Konenkin, Dmitry"]
[Result "1-0"]
[WhiteElo "2615"]
[BlackElo "2243"]
[PlyCount "55"]
[EventDate "2015.12.18"]
[EventType "swiss (blitz)"]
[EventRounds "22"]
[EventCountry "BLR"]
[SourceTitle "EXT 2017"]
[Source "ChessBase"]
[SourceDate "2016.10.25"]
[SourceVersion "1"]
[SourceVersionDate "2016.10.25"]
[SourceQuality "1"]

1. d4 d6 2. e4 Nf6 3. f3 d5 4. e5 Nfd7 5. f4 e6 6. Nd2 c5 7. c3 Nc6 8. Ndf3 Qb6 9. a3 a5 10. Ne2 Be7 11. h4 f6 12. h5 fxe5 13. fxe5 cxd4 14. cxd4 0-0 15. Rh3 a4 16. Nc3 Na5 17. Rb1 Nb3 18. Be3 Qa5 19. Qc2 b6 20. Bd3 h6 21. Bxh6 gxh6 22. Rg3+ Kh8 23. Rg6 Rxf3 24. gxf3 Bg5 25. f4 Bxf4 26. Qf2 Bg5 27. Rxg5 hxg5 28. Qf7 1-0

[Event "EU-ch blitz"]
[Site "Minsk"]
[Date "2015.12.18"]
[Round "1.47"]
[White "Milov, Vadim"]
[Black "Stsepkina, Katsiaryna"]
[Result "1-0"]
[WhiteElo "2615"]
[BlackElo "1956"]
[PlyCount "57"]
[EventDate "2015.12.18"]
[EventType "swiss (blitz)"]
[EventRounds "22"]
[EventCountry "BLR"]
[SourceTitle "EXT 2017"]
[Source "ChessBase"]
[SourceDate "2016.10.25"]
[SourceVersion "1"]
[SourceVersionDate "2016.10.25"]
[SourceQuality "1"]

1. d4 d5 2. c4 e6 3. Nc3 Nf6 4. cxd5 exd5 5. Bg5 Be7 6. e3 0-0 7. Bd3 Nbd7 8. Qc2 Re8 9. Nf3 Nf8 10. 0-0 c6 11. Rab1 Bd6 12. b4 a6 13. a4 Bg4 14. Nd2 Bh5 15. Bh4 Bg6 16. Bg3 Bxg3 17. hxg3 Ne4 18. Ndxe4 dxe4 19. Nxe4 Bxe4 20. Bxe4 h6 21. b5 axb5 22. axb5 Qe7 23. Bf3 cxb5 24. Rxb5 Rab8 25. Rfb1 Rec8 26. Qe4 Qa3 27. R5b3 Qa6 28. Rxb7 Rxb7 29. Qxb7 1-0

[Event "SUI-chT"]
[Site "Switzerland"]
[Date "2015.10.10"]
[Round "8.1"]
[White "Milov, Vadim"]
[Black "Pelletier, Yannick"]
[Result "1/2-1/2"]
[WhiteElo "2640"]
[BlackElo "2566"]
[PlyCount "71"]
[EventDate "2015.03.29"]
[EventType "team-tourn"]
[EventRounds "9"]
[EventCountry "SUI"]
[SourceTitle "EXT 2017"]
[Source "ChessBase"]
[SourceDate "2016.10.25"]
[SourceVersion "1"]
[SourceVersionDate "2016.10.25"]
[SourceQuality "1"]
[WhiteTeam "Bern Schwarz Weiss"]
[BlackTeam "Zuerich"]
[WhiteTeamCountry "SUI"]
[BlackTeamCountry "SUI"]

1. d4 e6 2. c4 Nf6 3. Nc3 Bb4 4. e3 0-0 5. Nge2 d5 6. a3 Bd6 7. c5 Be7 8. b4 b6 9. Nf4 c6 10. Be2 a5 11. Bb2 Ba6 12. 0-0 Nbd7 13. Bxa6 Rxa6 14. Qe2 Ra8 15. Nd3 Qc7 16. f4 axb4 17. axb4 Qb7 18. Qc2 Ne4 19. Nxe4 dxe4 20. Nf2 bxc5 21. bxc5 f5 22. Rab1 Qc8 23. Bc3 Nf6 24. Bd2 Nd5 25. Nd1 Qa6 26. Nc3 Rfb8 27. Nxd5 exd5 28. Rfc1 Kf7 29. Be1 g6 30. h3 Ke6 31. Bf2 Bd8 32. Qd1 Kd7 33. Ra1 Qb5 34. Rab1 Qa6 35. Ra1 Qb5 36. Rab1 1/2-1/2